Những cô em gái truyện dài

Αποθηκεύτηκε σε:
Λεπτομέρειες βιβλιογραφικής εγγραφής
Κύριος συγγραφέας: Nguyễn, Nhật Ánh
Μορφή: Βιβλίο
Γλώσσα:Vietnamese
Έκδοση: TP. Hồ Chí Minh Trẻ 2014
Έκδοση:Tái bản lần thứ 20
Θέματα:
Ετικέτες: Προσθήκη ετικέτας
Δεν υπάρχουν, Καταχωρήστε ετικέτα πρώτοι!
Thư viện lưu trữ: Trung tâm Học liệu Lê Vũ Hùng, Trường Đại học Đồng Tháp
LEADER 00831pam a22002658a 4500
001 00034832
005 20171026081025.0
008 161028s2014 ||||||viesd
020 # # |a 9786041005211  |c 39000 
041 0 # |a vie 
082 1 4 |a 895.922 34  |b NH556C 
100 1 # |a Nguyễn, Nhật Ánh 
245 1 0 |a Những cô em gái  |b truyện dài  |c Nguyễn Nhật Ánh 
250 # # |a Tái bản lần thứ 20 
260 # # |a TP. Hồ Chí Minh  |b Trẻ  |c 2014 
300 # # |a 197 tr.  |c 20 cm. 
653 # # |a Tiểu thuyết 
653 # # |a Văn học Việt Nam 
653 # # |a Văn học hiện đại 
852 # # |j KM.0019752 
852 # # |j KM.0019752  |b Kho mượn 
910 |d 28/10/2016 
980 # # |a Trung tâm Học liệu Lê Vũ Hùng, Trường Đại học Đồng Tháp